| 000 | 00743nam a22002177a 4500 | ||
|---|---|---|---|
| 999 |
_c65173 _d65173 |
||
| 005 | 20240530110811.0 | ||
| 008 | 190115s2007 ua a g 000 0 ara d | ||
| 017 | _bمصر. دار الكتب | ||
| 040 |
_aEG-CaGPL _cEG-CaGPL |
||
| 082 | 0 | 4 |
_221 _a720 / _bع ع |
| 100 | 0 | _aعفيف البهنسى | |
| 245 | 1 | 2 |
_aالعمارة العربية : _bالجمالية والوحدة والتنوع / _cتأليف عفيف البهنسى |
| 250 | _aط.1 | ||
| 260 |
_aالقاهرة : _c2007. |
||
| 300 |
_a250 ص. : _bايض ؛ _c28 سم. |
||
| 650 | 0 | 7 |
_2qrmak _aالعمارة العربية |
| 650 | 0 | 7 |
_aالعمارة الاسلامية _2qrmak |
| 651 | _2qrmak | ||
| 942 |
_2ddc _cBK |
||